ბათუმის შოთა რუსთაველის სახელმწიფო უნივერსიტეტის ბიბლიოთეკა

აქტუარული ანგარიში დაზღვევაში. (ბიბ.ჩანაწერი № 36568)

000 -LEADER
fixed length control field 00705nam a2200217Ia 4500
001 - CONTROL NUMBER
control field 2487
003 - CONTROL NUMBER IDENTIFIER
control field GE_BSU
008 - FIXED-LENGTH DATA ELEMENTS--GENERAL INFORMATION
fixed length control field 181216s||||||||xx |||||||||||||| ||und||
020 ## - INTERNATIONAL STANDARD BOOK NUMBER
International Standard Book Number 9789941126437
040 ## - CATALOGING SOURCE
Transcribing agency GE_BSU
080 ## - UNIVERSAL DECIMAL CLASSIFICATION NUMBER
Universal Decimal Classification number 368(075.8)
100 ## - MAIN ENTRY--PERSONAL NAME
Personal name ცინცაძე,ა; სბანიძე,ნ;
245 ## - TITLE STATEMENT
Title აქტუარული ანგარიში დაზღვევაში.
245 ## - TITLE STATEMENT
Statement of responsibility, etc. [რედ. გამსახურდია გ.]
260 ## - PUBLICATION, DISTRIBUTION, ETC.
Name of publisher, distributor, etc. უნივერსალი
260 ## - PUBLICATION, DISTRIBUTION, ETC.
Date of publication, distribution, etc. 2009
300 ## - PHYSICAL DESCRIPTION
Extent 239 გვ.
653 ## - INDEX TERM--UNCONTROLLED
Uncontrolled term აქტუარული ანგაროძი დაზღვევაში.
942 ## - ADDED ENTRY ELEMENTS (KOHA)
Koha item type წიგნი
ეგზემპლარები
Withdrawn status Lost status Damaged status Not for loan Date acquired Barcode Date last seen Price effective from Koha item type
        2018-12-17 1096 2018-12-17 2018-12-17 წიგნი